| 000 | 00538nam a2200205Ia 4500 | ||
|---|---|---|---|
| 005 | 20260429111921.0 | ||
| 008 | 260429s9999||||xx |||||||||||||| ||und|| | ||
| 020 | _a9789390013432 | ||
| 041 | _aEnglish | ||
| 082 |
_a628.3 _bBAS |
||
| 100 | _aBasak, J. L. | ||
| 245 | 0 |
_aWastewater treatment engineering / _cJ. L. Basak |
|
| 250 | _a1st ed. | ||
| 260 |
_aPune : _bKnowledge Bakers, _c2024. |
||
| 300 | _avii, 205 p.; hb | ||
| 650 | _aWastewater management | ||
| 700 | _a Mahto, Girish | ||
| 700 | _a Ram, Lopamudra | ||
| 942 | _cTB | ||
| 999 |
_c51416 _d51416 |
||